Responding to suicidal crisis: for church and community. (Record no. 2572)

MARC details
000 -LEADER
fixed length control field 00985cam a2200325 4500
001 - CONTROL NUMBER
control field 1251835
003 - CONTROL NUMBER IDENTIFIER
control field GBCCL
005 - DATE AND TIME OF LATEST TRANSACTION
control field 20241126110432.0
008 - FIXED-LENGTH DATA ELEMENTS--GENERAL INFORMATION
fixed length control field 730920s1974 miu b 001 0 eng
010 ## -
-- 73016414
020 ## - INTERNATIONAL STANDARD BOOK NUMBER
International Standard Book Number 0802815022
040 ## - CATALOGING SOURCE
Original cataloging agency DLC
Transcribing agency DLC
Modifying agency DLC
050 00 -
-- HV6545
-- .L84
060 ## -
-- HV6545 L957r 1973
082 00 - DEWEY DECIMAL CLASSIFICATION NUMBER
Classification number 362.2
Item number LUM
100 1# - MAIN ENTRY--PERSONAL NAME
Personal name Lum, Doman,
Dates associated with a name 1938-
9 (RLIN) 5389
245 10 - TITLE STATEMENT
Title Responding to suicidal crisis: for church and community.
260 ## - PUBLICATION, DISTRIBUTION, ETC.
Place of publication, distribution, etc. Grand Rapids,
Name of publisher, distributor, etc. Eerdmans
Date of publication, distribution, etc. [1974]
300 ## - PHYSICAL DESCRIPTION
Extent 222 p.
Dimensions 20 cm.
504 ## - BIBLIOGRAPHY, ETC. NOTE
Bibliography, etc. note Bibliography: p. 204-219.
650 #0 - SUBJECT ADDED ENTRY--TOPICAL TERM
Topical term or geographic name entry element Suicide.
9 (RLIN) 5390
650 #0 - SUBJECT ADDED ENTRY--TOPICAL TERM
Topical term or geographic name entry element Suicide
General subdivision Prevention.
9 (RLIN) 5391
650 #0 - SUBJECT ADDED ENTRY--TOPICAL TERM
Topical term or geographic name entry element Crisis intervention (Mental health services)
9 (RLIN) 5392
650 #0 - SUBJECT ADDED ENTRY--TOPICAL TERM
Topical term or geographic name entry element Counseling.
9 (RLIN) 234
650 #2 - SUBJECT ADDED ENTRY--TOPICAL TERM
Topical term or geographic name entry element Crisis intervention.
9 (RLIN) 5393
650 #2 - SUBJECT ADDED ENTRY--TOPICAL TERM
Topical term or geographic name entry element Psychology, Pastoral.
9 (RLIN) 5394
650 #2 - SUBJECT ADDED ENTRY--TOPICAL TERM
Topical term or geographic name entry element Suicide
General subdivision Prevention and control.
9 (RLIN) 5395
906 ## - LOCAL DATA ELEMENT F, LDF (RLIN)
a 7
b cbc
c orignew
d 1
e ocip
f 19
g y-gencatlg
942 ## - ADDED ENTRY ELEMENTS (KOHA)
Source of classification or shelving scheme Dewey Decimal Classification
Koha item type Books
Koha issues (borrowed), all copies 11
Holdings
Withdrawn status Lost status Source of classification or shelving scheme Damaged status Not for loan Home library Current Library Shelving location Date acquired Total checkouts Total renewals Full call number Barcode Date last seen Date last checked out Copy number Price effective from Koha item type
    Dewey Decimal Classification     GRACE BIBLE COLLEGE GRACE BIBLE COLLEGE General Studies 2017-08-25 13 1 362.2 LUM 005983 2025-07-23 2025-07-17 c.1 2017-08-25 Books
© Grace Bible College Library 2025